000 00305 a2200133 4500
250 _a8ème éd.
245 _aWilliams Texbook of Endocrinology
100 _aWilson, J. D.
700 _aFoster, D.W.
260 _c1992
300 _a1712 p.
999 _c16731
_d16731